00424nam a2200157Ia 4500008004100000020001400041082001200055100002200067245005100089250000700140260003700147300002300184500001900207600002000226650002000246240925s9999 xx 000 0 und d a205146562 a361 HAR aHarris ,Howard S. 0aHuman Services: contemporary issues and trends aNA aBoston:bAllyn and Baconc,1996. a384p.bNAfPirated aIncludes Index aSocial Sciences aSocial Sciences